000 01190nam2a2200265 i 4500
001 RU\NLR\BIBL_A\011008289
005 20240728205244.0
010 _a9785600001947
_950
021 _aRU
_b2016-12252
_9791
035 _a(NILC)RuMoRGB-006747490
035 _a(NLR Aleph) 011008289
090 _a11007880
_c11007880
100 _a20160314d2014 u y0rusy50 ca
101 0 _arus
102 _aRU
105 _aac||z|||000gy
200 0 _a4
210 _aНижний Новгород
_c[б. и.]
_d2014
215 _a47 с.
_cил., портр.
300 _aНа тит. л. и обл.: 4-й сборник стихов
461 0 _1001RU\NLR\BIBL_A\011082923
_12001#$aТрудовой Нижний$eсборник стихов$fСергей Жидков$v4
_1700#1$aЖидков$bС. Б.$f1951-$gСергей Борисович$3RU\NLR\AUTH\770186560
_911331580
_aЖидков, С. Б. (1951-)
_cНижний Новгород
_d2013
_fСергей Жидков
_nТипография "Нижегородская радиолаборатория"
_oсборник стихов
_tТрудовой Нижний
_v4
942 _cBOOK
980 _aNBR